Nationalism in India/ (Record no. 11095)

MARC details
000 -LEADER
fixed length control field 00655nam a22002297a 4500
005 - DATE AND TIME OF LATEST TRANSACTION
control field 20260515114855.0
008 - FIXED-LENGTH DATA ELEMENTS--GENERAL INFORMATION
fixed length control field 201205b ||||| |||| 00| 0 eng d
020 ## - INTERNATIONAL STANDARD BOOK NUMBER
International Standard Book Number 9789382976837
040 ## - CATALOGING SOURCE
Original cataloging agency IN-DiNC
Transcribing agency IN-DiNC
041 ## - LANGUAGE CODE
Language code of sung or spoken text eng
082 ## - DEWEY DECIMAL CLASSIFICATION NUMBER
Classification number 320.540954
Item number SAR
100 ## - MAIN ENTRY--PERSONAL NAME
Personal name Sarkar, Tanusree
Relator term author
245 ## - TITLE STATEMENT
Title Nationalism in India/
Statement of responsibility, etc. by Tanusree Sarkar, Plabita Das and Neha Pawar Singh
250 ## - EDITION STATEMENT
Edition statement 1st ed.
260 ## - PUBLICATION, DISTRIBUTION, ETC.
Place of publication, distribution, etc. Golaghat:
Name of publisher, distributor, etc. Saraswati prakashan,
Date of publication, distribution, etc. 2020
300 ## - PHYSICAL DESCRIPTION
Extent 254p.
650 ## - SUBJECT ADDED ENTRY--TOPICAL TERM
Topical term or geographic name entry element Political science
650 ## - SUBJECT ADDED ENTRY--TOPICAL TERM
Topical term or geographic name entry element Political theory
700 ## - ADDED ENTRY--PERSONAL NAME
Personal name Das, Plabita
Relator term author
700 ## - ADDED ENTRY--PERSONAL NAME
Personal name Singh, Neha Pawar
Relator term author
942 ## - ADDED ENTRY ELEMENTS (KOHA)
Source of classification or shelving scheme Dewey Decimal Classification
Koha item type Books
Holdings
Withdrawn status Lost status Source of classification or shelving scheme Damaged status Not for loan Collection Home library Current library Shelving location Date acquired Cost, normal purchase price Total checkouts Full call number Barcode Date last seen Date last checked out Copy number Price effective from Koha item type
    Dewey Decimal Classification       Naharkatiya College Library Naharkatiya College Library General stacks 12/05/2020 180.00 3 320.540954 SAR 28490 11/28/2022 11/11/2022 1 12/05/2020 Books
    Dewey Decimal Classification       Naharkatiya College Library Naharkatiya College Library General stacks 12/05/2020 180.00 1 320.540954 SAR 28491 04/22/2021 03/16/2021 2 12/05/2020 Books
    Dewey Decimal Classification       Naharkatiya College Library Naharkatiya College Library General stacks 12/05/2020 180.00   320.540954 SAR 28492 12/05/2020   3 12/05/2020 Books